00994nam a2200217 a 450000100100000000500170001000800410002704000130006808200190008110000400010024500510014026000640019130000210025565000280027665000310030404900090033595201210034495201210046595201750058699900150076100000945620240412074211.0090930s1952 dr 000 p spa d aDO-SdBNP aRD861.4bR696h1 aRodríguez Cáceres, Amira92425810aHojas caídas /cAmira Rodríguez Cáceres. aCiudad Trujillo, República Dominicana :bMontalvo,c1952. a112 p. ;c23 cm. 0aPoesía dominicana966 0aLiteratura dominicana.967 aBNPD 0010718PDaPDbPDcCTd2009-09-30iLF1l0oRD861.4 R696hp9456-20r2020-06-25te.2w2020-06-25yLFPDZNo se presta 0010718DSaPDbPDcCTd2011-06-30iLF1l0oRD861.4 R696hp9456-30r2020-06-25te.3w2020-06-25yLFDSZNo se presta 001050718RVaPDbPDcCTd2009-09-30iLF1l0oRD861.4 R696hp9456-10r2020-06-25w2020-06-25y1zPerteneció a la biblioteca personal de Martínez Boog.ZNo se presta c9216d9216